| 000 -ლიდერი |
| ფიქსირებული სიგრძის საკონტროლო ველი |
00900nam a22001817a 4500 |
| 003 - საკონტროლო ნომრის იდენტიფიკატორი |
| საკონტროლო ველი |
Ge_BSU |
| 005 - ბოლო ოპერაციის თარიღი და დრო |
| საკონტროლო ველი |
20221202102240.0 |
| 008 - ფიქსირებული სიგრძის მონაცემთა ელემენტები - ზოგადი ინფორმაცია |
| ფიქსირებული სიგრძის საკონტროლო ველი |
221202s1984ge xxu||||| |||| 00| 0 geo d |
| 041 ## - ენის კოდი |
| Language code of text/sound track or separate title |
geo |
| 080 ## - უნივერსალური ათობითი კლასიფიკაციის ინდექსი |
| Universal Decimal Classification number |
94(=353.1) (620) ს-50 |
| 100 ## - მთავარი ჩანაწერი - პიროვნების სახელი |
| Personal name |
სილაგაძე, ბენიამინ, ავტ. |
| 9 (RLIN) |
16299 |
| 245 ## - ცნობა სათაურის შესახებ |
| Title |
ქართველი მამლუქები ეგვიპტის დამოუკიდებლობისათვის ბრძოლაში 1798-1807 წლებში / |
| Statement of responsibility, etc |
ბენიამინ სილაგაძე , |
| 264 ## - წარმოების, გამოცემის, დისტრიბუციის და სხვა ცნობები |
| გამოცემის, წარმოების, დისტრიბუციის... ადგილი |
თბილისი : |
| გამოცემის, წარმოების, დისტრიბუციის... სახელწოდება |
მეცნიერება, |
| გამოცემის, წარმოების, დისტრიბუციის... თარიღი |
1984. |
| 300 ## - ფიზიკური აღწერა |
| Extent |
223 გვ. ; |
| Other physical details |
20 სმ. |
| 653 ## - INDEX TERM--UNCONTROLLED |
| Uncontrolled term |
ქართველი მამლუქები ეგვიპტეში. |
| 653 ## - INDEX TERM--UNCONTROLLED |
| Uncontrolled term |
ეგვიპტის ისტორია -- 1798-1807 წ.წ. |
| 942 ## - ADDED ENTRY ELEMENTS (KOHA) |
| Source of classification or shelving scheme |
|
| Koha item type |
წიგნი |